Normal view
MARC view
Entry Topical Term
001 - CONTROL NUMBER
- control field: 23754
003 - CONTROL NUMBER IDENTIFIER
- control field: ARRUPE
005 - DATE AND TIME OF LATEST TRANSACTION
- control field: 20160413114708.0
008 - FIXED-LENGTH DATA ELEMENTS
- fixed length control field: 160413|| aca||aabn | a|a d
040 ## - CATALOGING SOURCE
- Original cataloging agency: ARRUPE
- Transcribing agency: ARRUPE
150 ## - HEADING--TOPICAL TERM
- Topical term or geographic name as entry element: Military bases, American
- Geographic subdivision: Philippines.
670 ## - SOURCE DATA FOUND
- Source citation: Work cat.: (ARRUPE)0: National Ecumenical Forum For Church Response 23753, Toppling the idols and breaking the deadly connection :, 1988